| 000 | 02041cam a22005894i 4500 | ||
|---|---|---|---|
| 003 | PE-LiUPU | ||
| 005 | 20250731170442.0 | ||
| 008 | 150625s2001 mx a r 000 0 spa d | ||
| 020 | _a9706253270 | ||
| 020 | _a9789706253279 | ||
| 035 | _a(Sirsi) i9789706253279 | ||
| 040 |
_aPE-LiUPU _bspa _cPE-LiUPU _dPE-LiUPU _erda |
||
| 049 | _aPRUA | ||
| 082 | 0 | 4 |
_a152.4 _bL96 _221 |
| 100 | 1 |
_aLuhn, Rebeca R., _eautor. |
|
| 245 | 1 | 0 |
_aControl de la ira : _bmétodos para una vida más feliz y saludable / _cRebeca R. Luhn . |
| 264 | 1 |
_aMexico : _bGrupo Editorial Iberoamerica, _c2001. |
|
| 300 |
_a111 páginas : _bilustraciones ; _c26 centímetros |
||
| 336 |
_atext _2rdacontent |
||
| 337 |
_aunmediated _2rdamedia |
||
| 338 |
_avolume _2rdacarrier |
||
| 505 | 0 | _a¿Qué es la ira? -- La forma cómo te sientes -- Usar la ira para mejorar tu vida -- Evitar que la ira crezca -- Dejar ir el pasado -- Escucha la ira de otras personas -- Integrar lo que has aprendido. | |
| 526 | _aSEG68 | ||
| 526 | _aSEG70 | ||
| 526 | _aSEG69 | ||
| 526 | _aSEG67 | ||
| 526 | _aSEG43 | ||
| 526 | _aP144 | ||
| 526 | _aP143 | ||
| 526 | _aP131 | ||
| 526 | _aP122 | ||
| 526 | _aP120 | ||
| 526 | _aP117 | ||
| 526 | _aP112 | ||
| 526 | _aP110 | ||
| 526 | _aP106 | ||
| 526 | _aP101 | ||
| 526 | _aP80 | ||
| 526 | _aP59 | ||
| 526 | _aP54 | ||
| 526 | _aP35 | ||
| 526 | _aP33 | ||
| 526 | _aP30 | ||
| 541 | _g001-027183; | ||
| 650 | 0 | 4 | _aAdaptación (Psicología). |
| 650 | 0 | 4 |
_aRelaciones interpersonales. _95210 |
| 942 |
_2ddc _cBOOK |
||
| 949 |
_a152.4 L96 _wDEWEY _c1 _i57716 _lCCODEBUL1 _mBUL _p13.00 _r0 _sY _tBOOK _u2015-6-25 _xSALUD _PP33 _0COMPRA _o.STAFF. Colección Ciencias de la Salud |
||
| 994 |
_aC0 _bPEPRU |
||
| 596 | _a1 | ||
| 999 |
_a152.4 L96 _wDEWEY _c46721 _i57716 _d46721 _e2017-10-1 _f2021-11-3 _g5 _lCCODEBUL1 _mBUL _n3 _p13.00 _q2 _r0 _sY _tBOOK _u2015-6-25 _xSALUD _zP33 _0COMPRA _o.STAFF. Colección Ciencias de la Salud |
||
| 980 |
_81 _gALBERTO SANCHEZ Responsable de Automatización |
||